000 007720000a22001810004500
005 20231211111454.0
008 230817t ||||| |||| 00| 0 eng d
082 _a340.59
_bCEY
110 _aCeylon, the government
245 _aThe Muslim marriage and divorce law reports:
_bcontaining cases decided by the Board of Quazis, the Supreme Court of Ceylon and Her Majesty the Queen in Her Privy Council on appeal from the Supreme Court of Ceylon, and articles on marriage and divorce and other connected matters, with a digest
260 _aColombo:
_b[Government press],
_c1965
300 _a156 p.
490 _aVolume 11
650 _aMarriage (Islamic law) -Sri Lanka
650 _aDivorce (Islamic law)- Sri Lanka
700 _aMarkhani, Mohammado
_eed.
942 _cRP
999 _c183
_d183